Exploring strategy : (Record no. 21420)
[ view plain ]
| 000 -LEADER | |
|---|---|
| fixed length control field | 00769nam a22002777a 4500 |
| 003 - CONTROL NUMBER IDENTIFIER | |
| control field | OSt |
| 008 - FIXED-LENGTH DATA ELEMENTS--GENERAL INFORMATION | |
| fixed length control field | 260224b2025 |||||||| |||| 00| 0 eng d |
| 020 ## - INTERNATIONAL STANDARD BOOK NUMBER | |
| International Standard Book Number | 9789357054584 |
| 082 ## - DEWEY DECIMAL CLASSIFICATION NUMBER | |
| Classification number | 658.4012 |
| Item number | WHI-E |
| 100 ## - MAIN ENTRY--PERSONAL NAME | |
| Personal name | Whittington, Richard |
| 245 ## - TITLE STATEMENT | |
| Title | Exploring strategy : |
| Remainder of title | text and cases / |
| Statement of responsibility, etc | Richard Whittington....[et al.] |
| 250 ## - EDITION STATEMENT | |
| Edition statement | 12th |
| 260 ## - PUBLICATION, DISTRIBUTION, ETC. (IMPRINT) | |
| Place of publication, distribution, etc | Noida : |
| Name of publisher, distributor, etc | Pearson, |
| Date of publication, distribution, etc | 2025. |
| 300 ## - PHYSICAL DESCRIPTION | |
| Extent / Pages | xxvi, 809 p. ; |
| 650 ## - SUBJECT ADDED ENTRY--TOPICAL TERM | |
| Topical term or geographic name as entry element | Strategic management |
| 650 ## - SUBJECT ADDED ENTRY--TOPICAL TERM | |
| Topical term or geographic name as entry element | Business Planning |
| 650 ## - SUBJECT ADDED ENTRY--TOPICAL TERM | |
| Topical term or geographic name as entry element | Corporate governance |
| 650 ## - SUBJECT ADDED ENTRY--TOPICAL TERM | |
| Topical term or geographic name as entry element | Entrepreneurship |
| 650 ## - SUBJECT ADDED ENTRY--TOPICAL TERM | |
| Topical term or geographic name as entry element | Organizational Change |
| 650 ## - SUBJECT ADDED ENTRY--TOPICAL TERM | |
| Topical term or geographic name as entry element | Innovating Management |
| 700 ## - ADDED ENTRY--PERSONAL NAME | |
| Personal name | Regner, Patrick |
| 700 ## - ADDED ENTRY--PERSONAL NAME | |
| Personal name | Angwin, Duncan |
| 700 ## - ADDED ENTRY--PERSONAL NAME | |
| Personal name | Johnson, Gerry |
| 700 ## - ADDED ENTRY--PERSONAL NAME | |
| Personal name | Sholes, Kevan |
| 942 ## - ADDED ENTRY ELEMENTS (KOHA) | |
| Source of classification or shelving scheme | |
| Koha item type | Books |
| Withdrawn status | Lost status | Source of classification or shelving scheme | Damaged status | Not for loan | Home library | Current library | Date acquired | Source of acquisition | Currency | Cost, normal purchase price | Full call number | Barcode | Date last seen | Copy number | Bill Date | Koha item type | Bill Number |
|---|---|---|---|---|---|---|---|---|---|---|---|---|---|---|---|---|---|
| SOBD Library | SOBD Library | 17/02/2026 | All India Book House | INR | 1060.00 | 658.4012 WHI-E1 | 007530 | 24/02/2026 | 1 | 17/02/2026 | Reference Books | NA/IN/1928 | |||||
| SOBD Library | SOBD Library | 17/02/2026 | All India Book House | INR | 1060.00 | 658.4012 WHI-E2 | 007531 | 24/02/2026 | 2 | 17/02/2026 | Books | NA/IN/1928 | |||||
| SOBD Library | SOBD Library | 17/02/2026 | All India Book House | INR | 1060.00 | 658.4012 WHI-E3 | 007532 | 24/02/2026 | 3 | 17/02/2026 | Books | NA/IN/1928 | |||||
| SOBD Library | SOBD Library | 17/02/2026 | All India Book House | INR | 1060.00 | 658.4012 WHI-E4 | 007533 | 24/02/2026 | 4 | 17/02/2026 | Books | NA/IN/1928 | |||||
| SOBD Library | SOBD Library | 17/02/2026 | All India Book House | INR | 1060.00 | 658.4012 WHI-E5 | 007534 | 24/02/2026 | 5 | 17/02/2026 | Books | NA/IN/1928 | |||||
| SOBD Library | SOBD Library | 17/02/2026 | All India Book House | INR | 1060.00 | 658.4012 WHI-E6 | 007535 | 24/02/2026 | 6 | 17/02/2026 | Books | NA/IN/1928 | |||||
| SOBD Library | SOBD Library | 17/02/2026 | All India Book House | INR | 1060.00 | 658.4012 WHI-E7 | 007536 | 24/02/2026 | 7 | 17/02/2026 | Books | NA/IN/1928 | |||||
| SOBD Library | SOBD Library | 17/02/2026 | All India Book House | INR | 1060.00 | 658.4012 WHI-E8 | 007537 | 24/02/2026 | 8 | 17/02/2026 | Books | NA/IN/1928 | |||||
| SOBD Library | SOBD Library | 17/02/2026 | All India Book House | INR | 1060.00 | 658.4012 WHI-E9 | 007538 | 24/02/2026 | 9 | 17/02/2026 | Books | NA/IN/1928 | |||||
| SOBD Library | SOBD Library | 17/02/2026 | All India Book House | INR | 1060.00 | 658.4012 WHI-E10 | 007539 | 24/02/2026 | 10 | 17/02/2026 | Books | NA/IN/1928 | |||||
| SOBD Library | SOBD Library | 17/02/2026 | All India Book House | INR | 1060.00 | 658.4012 WHI-E11 | 007540 | 24/02/2026 | 11 | 17/02/2026 | Books | NA/IN/1928 | |||||
| SOBD Library | SOBD Library | 17/02/2026 | All India Book House | INR | 1060.00 | 658.4012 WHI-E12 | 007541 | 24/02/2026 | 12 | 17/02/2026 | Books | NA/IN/1928 |